| 000 | 01335nam a22003497a 4500 | ||
|---|---|---|---|
| 003 | CHAP | ||
| 005 | 20220329134924.0 | ||
| 008 | 971013s1974 r 00010 d | ||
| 010 | _a28116 | ||
| 011 | _a29088 | ||
| 035 | _a33199 | ||
| 040 | _cCHAP | ||
| 082 |
_a333.098 _bL4 |
||
| 100 | 0 | 0 |
_aLand Tenure Center. Madison, Wis. Library. _964638 |
| 245 |
_aAgrarian reform in Latin America _b: an annotated bibliography |
||
| 260 |
_aMadison, Wis. : _bThe Center, _c1974 |
||
| 300 | _a2 v. | ||
| 490 |
_aLand economics monographs _v; 5 |
||
| 590 |
_aBATCH-UPD _b10 _c20130110 _lUCH01 _h2220 |
||
| 590 |
_aBATCH-UPD _b10 _c20130410 _lUCH01 _h1518 |
||
| 590 |
_aBATCH-UPD _b10 _c20130914 _lUCH01 _h1714 |
||
| 590 |
_aCONVERSION _b10 _c20130109 _lUCH01 _h1316 |
||
| 650 | 1 | 4 |
_aReforma agraria _xBibliografía _zAmérica Latina. _995527 |
| 650 | 1 | 4 |
_aTierras _xTenencia _xBibliografía _xAmérica Latina. _9113142 |
| 830 | 0 |
_aLand economics monographs _v; 5 _964631 |
|
| 901 | _aBK | ||
| 942 | _cLIBRO | ||
| 949 |
_a333.098 L4 _bBC _cC _d33724000532354 _eC _fv.2 c.2 _h54593 _i33199 _mD _si _t93.75 |
||
| 949 |
_a333.098 L4 _bBC _cC _d33724000532446 _eC _fv.2 _h33592 _i33199 _mD _si _t93.75 |
||
| 949 |
_a333.098 L4 _bBC _cC _d33724000532453 _eC _fv.1 c.2 _h54592 _i33199 _mD _si _t93.75 |
||
| 949 |
_a333.098 L4 _bBC _cC _d33724000532560 _eC _fv.1 _h33591 _i33199 _mD _si _t93.75 |
||
| 999 |
_c28116 _d28116 |
||